000 01043nam a22003017a 4500
001 BR8711910
003 BR-BrBNA
005 20230928092802.0
007 ta
008 230509b bl.||||| |||| 00| 0 por d
040 _aBR-BrBNA
_bpor
_cBiblioteca Nacional de Agricultura
041 _a(Por)
072 _aF30
_b3240
_b/G514
090 _ 3240 BR8711910
100 1 _aMora, A.L.
110 1 _aEscola Superior de Agricultura Luiz de Queiroz, Piracicaba, SP (Brasil)
_0Tese (Mestre em Engenharia Florestal)
245 1 _aInteracao com espacamentos e locais em clones de Eucalyptus spp no norte do Estado da Bahia
246 1 _aInteractions with spacings and localities in clones of Eucalyptus spp. in northern state of Bahia
260 3 _aPiracicaba, SP (Brasil):
_c1986.
300 _a101 p.
500 _a8 illus.; 20 tables; Bibliography p. 94-101 (65 ref.); Summaries (Eng, Por)
650 _aEUCALIPTO
650 _aCLONE
650 _aGENOTIPO
650 _aBAHIA
909 _a202309
_bLucia
_c55
_dLucia Elande
942 _cBK
999 _c41188
_d41188